Country Flags Quiz - Statistics

General Stats
  • This quiz has been taken 23 times
  • The average score is 16 of 16
Answer Stats
Picture Answer % Correct
Argentina
100%
Australia
100%
Canada
100%
China
100%
Finland
100%
France
100%
Germany
100%
Greece
100%
India
100%
Norway
100%
Switzerland
100%
Ukraine
100%
United States of America
100%
Croatia
96%
Pakistan
96%
Tunisia
91%
No matching quizzes found
Score Distribution
Percent of People with Each Score
Percentile by Number Answered
Your Score History
You have not taken this quiz